000
00311nam a22001217a 4500
999
_c
534294
_d
534294
040
_c
MSOHAIL
082
_a
891.4393
100
_a
Shaukat Siddiqui - شوکت صدیقی
_9
28446
245
_a
Kamingah / کمین گاہ
260
_a
Karachi
_b
Rakitab Publication
_c
c2009
300
_a
144;p
942
_2
ddc
_c
BK